|
|
|
|
| LEADER |
00000nam0a2200000 4500 |
| 001 |
152934 |
| 005 |
20231101221646.0 |
| 010 |
|
|
|a 5703005493
|
| 020 |
|
|
|a RU
|b 93-3400
|
| 035 |
|
|
|a (RuTPU)RU\TPU\book\165823
|
| 090 |
|
|
|a 152934
|
| 100 |
|
|
|a 20090206d1992 m y0rusy5003 ca
|
| 101 |
0 |
|
|a rus
|
| 102 |
|
|
|a RU
|
| 105 |
|
|
|a a z 001ay
|
| 200 |
1 |
|
|a Жизнь живая
|e из дневников разных лет
|f Б. В. Шергин
|g авт. предисл. и сост. Ю. Галкин ; худож. Б. А. Шляпугин
|
| 210 |
|
|
|a Москва
|c Патриот
|d 1992
|
| 215 |
|
|
|a 175 с.
|c портр., ил.
|
| 225 |
1 |
|
|a ЭХО
|e Эпоха. Хроника. Образ
|
| 333 |
|
|
|a Исключено из фонда НТБ ТПУ
|
| 700 |
|
1 |
|a Шергин
|b Б. В.
|c русский писатель
|c фольклорист
|f 1893-1973
|g Борис Викторович
|9 2369
|
| 702 |
|
1 |
|a Галкин
|b Ю.
|4 080
|
| 702 |
|
1 |
|a Шляпугин
|b Б. А.
|4 440
|
| 801 |
|
0 |
|a RU
|b RuMRKP
|c 19950413
|g psbo
|
| 801 |
|
1 |
|a RU
|b 63413507
|c 20090206
|g PSBO
|
| 801 |
|
2 |
|a RU
|b 63413507
|c 20220517
|g PSBO
|
| 942 |
|
|
|c BK
|